000 01543 a2200349 4500
999 _c114765
_d114765
003 BJBSDDR
005 20230411090705.0
007 ta
008 081020s2015 mx ||||| |||| 00| 0 spa d
020 _a9786077361367
020 _a6077361364
040 _bspa
_cBJBSDDR
041 _aspa
050 1 4 _aLA 422.7
_bC741 2015
245 0 0 _aComunicación :
_bla comunicación socialmente responsable para el desarrollo y el cambio educativo /
_c María Mirna Granat Ramos, Lucinda Sepúlveda García (coordinadoras).
246 3 _aComunicación socialmente responsable para el desarrollo y el cambio educativo
260 _aMéxico, D.F. :
_bEditorial Fontamara ;
_a[Monterrey] :
_bUANL, Universidad Autónoma de Nuevo León,
_c2015
300 _a333 pages :
_billustrations ;
_c21 cm.
490 0 _aColección Argumentos (Fontamara (Firm : Mexico City, Mexico)), 225.
650 4 _91685
_aCambio educacional
_zMéxico
_vCongresos, conferencias, etc.
650 4 _91840
_aComunicación en educación
_zMéxico
_vCongresos, conferencias, etc.
650 4 _97979
_aResponsabilidad social de la empresa
_zMéxico
650 4 _916271
_aRadios comunitarias
650 4 _916272
_aEstudiantes universitarios
_xRedes sociales
_zMéxico
650 4 _96387
_aEducación y Estado
650 4 _916273
_aComunicación
_xEstudio y enseñanza
_zMéxico
700 1 _913416
_aGranat Ramos, María Mirna
700 1 _916274
_aSepúlveda García, Lucinda
830 _aColección Fontamara ;
_916270
942 _2lcc
_cBK
946 _idpf